000 01131cab a22002295a 4500
001 L150107
008 100602e20100529xxk f 000 0 eng d
035 _a(Sirsi) u150107
041 0 _aeng
100 1 _aJack, Simon
245 0 0 _aFocus
_bSouth Yorkshire
260 _c2010
490 _aEstates Gazette
_v(1021) 29 May 2010, 71-81(10)
520 _aExamines the effect that regeneration funding from the EU has had upon Sheffield. Considers the way forward for Sheffield Council following the departure of its chief executive, and looks at key contenders for the job. Suggests creating the position of an elected, political mayor in Doncaster has been a success. Considers whether the major commercial development of Humber Quays in Hull is likely to attract occupiers. Looks at the residential market across the region, identifying problems encouraging developers to move outside the main cities.
590 _aKA
651 4 _aYorkshire
_y1888-
690 _aPROPERTY-COMMERCIAL PROPERTY-COMMERCIAL PROPERTY MARKET
700 1 _aPilkington, Lisa
700 1 _aQuinn, David
700 1 _aSmith, Melanie
942 _n0
999 _c82398
_d82398